|
|
|
|
| LEADER |
00957nam a2200241 a 4500 |
| 001 |
42740653 |
| 008 |
091210s1998 ii a b i000 0 eng d |
| 010 |
|
|
|a 87902453
|
| 020 |
|
|
|a 8170249899
|
| 040 |
|
|
|a XOJ
|c XOJ
|d EEM
|
| 082 |
0 |
0 |
|a 303.60820954
|2 19
|
| 100 |
1 |
|
|a Tripathy, Prabhat Chandra.
|
| 245 |
1 |
0 |
|a Crime against working women /
|c by Prabhat Chandra Tripathy.
|
| 260 |
|
|
|a New Delhi :
|b S.B. Nangia,
|c 1998.
|
| 300 |
|
|
|a viii, 391 p. :
|b ill. ;
|c 22 cm.
|
| 500 |
|
|
|a Includes appendices regarding questionnaire used for research.
|
| 504 |
|
|
|a Includes bibliographical references and index.
|
| 541 |
1 |
|
|e 00011213
|
| 650 |
|
0 |
|a Women
|x Crimes against.
|z India
|
| 650 |
|
0 |
|a Victims of crimes
|z India.
|
| 852 |
4 |
|
|a Ayesha Abed Library
|j General shelf
|
| 999 |
|
|
|c 6043
|d 6043
|
| 952 |
|
|
|0 0
|1 0
|2 ddc
|4 0
|6 303_608209540000000_TRI_1998
|7 0
|9 6037
|a BRACUL
|b BRACUL
|c GEN
|d 2009-12-14
|g 115.00
|l 2
|o 303.60820954 TRI
|p 3010011213
|r 2022-04-13
|s 2022-04-06
|t 1
|w 2009-12-14
|y BK
|